[Event "ch-Frankfurt A"]
[Site "Frankfurt Main"]
[Date "2025.05.26"]
[Round "5.11"]
[White "Hochmuth, Christian"]
[Black "Dolidze, David"]
[Result "1/2-1/2"]
[WhiteElo "1996"]
[BlackElo "1809"]
[PlyCount "81"]
[EventDate "2025.04.28"]
[EventType "swiss"]
[EventRounds "7"]
[EventCountry "GER"]
[WhiteTeam "Schachdrachen Büdingen-Wächtersb"]
[BlackTeam "SC Eschborn 1974"]

1. d4 Nf6 2. c4 g6 3. Nc3 Bg7 4. e4 d6 5. Nf3 O-O 6. Be2 e5 7. Be3 Nc6 8. d5 Ne7 9. Nd2 Ne8 10. f3 f5 11. c5 f4 12. Bf2 g5 13. Nc4 Ng6 14. Qb3 Rf7 15. O-O-O Bf8 16. cxd6 Nxd6 17. Kb1 a6 18. Rc1 Nxc4 19. Bxc4 b5 20. Be2 Bd6 21. Rc2 Bb7 22. Rhc1 Nf8 23. a4 b4 24. Na2 a5 25. Bb5 Nd7 26. Qd3 Qe7 27. b3 Qd8 28. Rd1 Qe7 29. Qc4 Rff8 30. Nc1 Rfc8 31. Ne2 Nb6 32. Qd3 Nd7 33. Rdc1 Kh8 34. Rh1 Nf6 35. g4 Kg7 36. h4 h6 37. Rhc1 Nd7 38. h5 Nf6 39. Rd1 Nd7 40. Rdc1 Nf6 41. Rd1 1/2-1/2

[Event "ch-Frankfurt A"]
[Site "Frankfurt Main"]
[Date "2025.05.26"]
[Round "5.12"]
[White "Zimmer, Gerald"]
[Black "Lenhard, Martin"]
[Result "1/2-1/2"]
[WhiteElo "1951"]
[BlackElo "2004"]
[PlyCount "108"]
[EventDate "2025.04.28"]
[EventType "swiss"]
[EventRounds "7"]
[EventCountry "GER"]
[WhiteTeam "SC Bergen-Enkheim 1922"]
[BlackTeam "SV 1920 Hofheim"]

1. d4 Nf6 2. Nf3 e6 3. c4 b6 4. g3 Bb7 5. Bg2 Be7 6. Nc3 O-O 7. O-O Na6 8. b3 Ne4 9. Bb2 f5 10. a3 Bf6 11. e3 c5 12. Qc2 Nxc3 13. Bxc3 Be4 14. Qb2 Rc8 15. Rfd1 Qe7 16. Rac1 Rfd8 17. Ne5 Bxg2 18. Kxg2 d6 19. Nd3 Nb8 20. Nf4 Qf7 21. h4 Nd7 22. Rd2 cxd4 23. exd4 e5 24. Nd5 exd4 25. Bxd4 Bxd4 26. Rxd4 Nc5 27. Nf4 Rd7 28. Rcd1 Rcd8 29. f3 Ne6 30. Nxe6 Qxe6 31. Qd2 Re8 32. Kf2 Qe5 33. Rd5 Qe6 34. Re1 Qxe1+ 35. Qxe1 Rxe1 36. Kxe1 g6 37. Kd2 Kf7 38. Kc3 Ke6 39. Kb4 a6 40. a4 Rc7 41. a5 b5 42. Kc3 bxc4 43. bxc4 Rc5 44. Kd4 Rxd5+ 45. cxd5+ Kf6 46. f4 Kg7 47. Ke3 Kh6 48. Kf2 Kh5 49. Kf3 h6 50. Kf2 Kg4 51. Kg2 g5 52. hxg5 hxg5 53. fxg5 Kxg5 54. Kf3 Kf6 1/2-1/2

[Event "ch-Frankfurt A"]
[Site "Frankfurt Main"]
[Date "2025.05.26"]
[Round "5.13"]
[White "Bittner, Peter"]
[Black "Griesfeller, Sven"]
[Result "1/2-1/2"]
[WhiteElo "1892"]
[BlackElo "1874"]
[PlyCount "78"]
[EventDate "2025.04.28"]
[EventType "swiss"]
[EventRounds "7"]
[EventCountry "GER"]
[WhiteTeam "SC 1961 König Nied"]
[BlackTeam "Schachdrachen Büdingen-Wächtersb"]

1. d4 Nf6 2. Bf4 g6 3. Nf3 Bg7 4. e3 O-O 5. Bd3 d5 6. Nbd2 Nbd7 7. O-O Re8 8. h3 Nh5 9. Bh2 c6 10. c4 Nb6 11. Rc1 dxc4 12. Nxc4 Be6 13. b3 h6 14. Nce5 Nd7 15. Qc2 Nxe5 16. Nxe5 Nf6 17. Rfd1 Nd7 18. f4 Nxe5 19. dxe5 Qb6 20. Qc5 Red8 21. Be2 Qxc5 22. Rxc5 Rxd1+ 23. Bxd1 Rd8 24. Rc1 Rd3 25. e4 f6 26. exf6 exf6 27. Kf1 Rd2 28. Ra1 Bxh3 29. Bf3 Bf8 30. Bg1 Be6 31. Bxa7 Bb4 32. Be3 Rd8 33. Rc1 Kf7 34. Rc2 f5 35. Ke2 fxe4 36. Bxe4 Bg4+ 37. Bf3 Bf5 38. Rc1 Ra8 39. a4 Re8 1/2-1/2

[Event "ch-Frankfurt A"]
[Site "Frankfurt Main"]
[Date "2025.05.26"]
[Round "5.14"]
[White "Börsch, Dieter"]
[Black "Rutsatz, Mario"]
[Result "0-1"]
[WhiteElo "1800"]
[BlackElo "1913"]
[PlyCount "64"]
[EventDate "2025.04.28"]
[EventType "swiss"]
[EventRounds "7"]
[EventCountry "GER"]
[WhiteTeam "SK Bad Homburg 1927"]
[BlackTeam "SC 1961 König Nied"]

1. d4 Nf6 2. c4 g6 3. Nc3 d5 4. Nf3 Bg7 5. Qb3 dxc4 6. Qxc4 Be6 7. Qb5+ Bd7 8. Qxb7 Nc6 9. Qb3 Rb8 10. Qd1 Bf5 11. a3 O-O 12. e3 e5 13. Nxe5 Nxe5 14. dxe5 Qxd1+ 15. Nxd1 Nd7 16. f4 Nc5 17. Bc4 Bd3 18. Bxd3 Nxd3+ 19. Kd2 Rfd8 20. Kc2 f6 21. exf6 Bxf6 22. Rb1 Rb6 23. Nc3 c5 24. Rd1 c4 25. b4 Re6 26. Bd2 Nf2 27. Re1 Rd3 28. Re2 Ng4 29. e4 Bd4 30. h3 Ne3+ 31. Bxe3 Rxc3+ 32. Kd2 Rd3+ 0-1

[Event "ch-Frankfurt A"]
[Site "Frankfurt Main"]
[Date "2025.05.26"]
[Round "5.16"]
[White "Kuckel, Michael"]
[Black "Heß, Steffen"]
[Result "0-1"]
[WhiteElo "1744"]
[BlackElo "2081"]
[PlyCount "56"]
[EventDate "2025.04.28"]
[EventType "swiss"]
[EventRounds "7"]
[EventCountry "GER"]
[WhiteTeam "SC Matt im Park Ffm"]
[BlackTeam "SC Groß-Zimmern"]

1. d4 g6 2. Nf3 Bg7 3. c4 d6 4. h3 Nd7 5. Nc3 e5 6. e4 Ne7 7. g4 O-O 8. Be3 a6 9. a4 Rb8 10. Qd2 exd4 11. Bxd4 Ne5 12. Nxe5 dxe5 13. Be3 Be6 14. Be2 Nc6 15. Qxd8 Rfxd8 16. Nd5 Rd7 17. h4 Nd4 18. Bxd4 exd4 19. Nf4 d3 20. Nxe6 fxe6 21. O-O-O Rbd8 22. Bf1 Rd4 23. b3 c6 24. g5 b5 25. Rh3 bxc4 26. Re3 Rb8 27. bxc4 Rxc4+ 28. Kd2 Rb2+ 0-1

[Event "ch-Frankfurt A"]
[Site "Frankfurt Main"]
[Date "2025.05.26"]
[Round "5.17"]
[White "Bonnaire, Ulrich"]
[Black "Clauss, Hendrik"]
[Result "1-0"]
[WhiteElo "2135"]
[BlackElo "1796"]
[PlyCount "99"]
[EventDate "2025.04.28"]
[EventType "swiss"]
[EventRounds "7"]
[EventCountry "GER"]
[WhiteTeam "SC Frankfurt-West"]
[BlackTeam "SC Bergen-Enkheim 1922"]

1. e4 e6 2. d4 d5 3. Nd2 c5 4. exd5 Qxd5 5. Ngf3 cxd4 6. Bc4 Qd6 7. O-O Nf6 8. Nb3 Nc6 9. Nbxd4 Nxd4 10. Nxd4 Be7 11. c3 O-O 12. Qf3 Qc7 13. Bb3 Bd7 14. Re1 Rfe8 15. Bf4 Qb6 16. Be5 Rac8 17. h4 Bc6 18. Nxc6 Qxc6 19. Qxc6 bxc6 20. Rad1 Red8 21. Ba4 c5 22. c4 Ng4 23. Bg3 Bf6 24. Bd7 Ra8 25. Bc7 Rf8 26. Bd6 Bd4 27. Rxd4 cxd4 28. Bxf8 Kxf8 29. Bc6 Rd8 30. Bf3 Nf6 31. Kf1 Ke7 32. b4 Kd6 33. Ke2 e5 34. Kd3 Nd7 35. c5+ Ke6 36. Kc4 f5 37. Bd5+ Kf6 38. b5 d3 39. a4 Rc8 40. Bc6 Nb8 41. Bb7 Rc7 42. c6 Nd7 43. a5 Ke6 44. Rb1 e4 45. b6 axb6 46. axb6 Nxb6+ 47. Rxb6 Kd6 48. Rb5 g6 49. Rd5+ Ke7 50. Kc5 1-0

[Event "ch-Frankfurt A"]
[Site "Frankfurt Main"]
[Date "2025.05.26"]
[Round "5.18"]
[White "Rondonuwu, Grover"]
[Black "Bratmann, Marc"]
[Result "1-0"]
[WhiteElo "2011"]
[BlackElo "1856"]
[PlyCount "99"]
[EventDate "2025.04.28"]
[EventType "swiss"]
[EventRounds "7"]
[EventCountry "GER"]
[WhiteTeam "Sabt Frankfurter TV 1860"]
[BlackTeam "Sfr Stiller Zug Wiesbaden"]

1. d4 d5 2. c4 e6 3. cxd5 exd5 4. Bf4 Nf6 5. e3 Bd6 6. Bg5 c6 7. Bd3 Nbd7 8. Ne2 O-O 9. Nbc3 h6 10. Bh4 Qc7 11. Rc1 a6 12. Bg3 Re8 13. O-O Nf8 14. Nf4 Qd8 15. Qc2 Ne6 16. Nxe6 Bxe6 17. Bxd6 Qxd6 18. f3 Re7 19. Rce1 Rae8 20. Qf2 Rd8 21. Na4 Nd7 22. Bb1 b5 23. Nc3 Nb6 24. b3 c5 25. dxc5 Qxc5 26. Ne2 Rc7 27. Rc1 Qd6 28. Rxc7 Qxc7 29. Rc1 Qd7 30. Nd4 Rc8 31. Qd2 Rxc1+ 32. Qxc1 Qd6 33. Kf2 Bd7 34. g3 h5 35. Qc3 b4 36. Qd3 g6 37. Qxa6 Qc5 38. Bd3 Qd6 39. Qa5 h4 40. Nc2 h3 41. Qxb4 Qc6 42. a4 Qf6 43. Qd4 Qe6 44. a5 Nc8 45. Nb4 Bc6 46. Qc5 Ne7 47. Nc2 g5 48. Nd4 Qd7 49. Nxc6 Qxc6 50. Qxe7 1-0

[Event "ch-Frankfurt A"]
[Site "Frankfurt Main"]
[Date "2025.05.26"]
[Round "5.19"]
[White "Rennhack, Peer"]
[Black "Rotermund, Verena"]
[Result "1-0"]
[WhiteElo "1949"]
[BlackElo "1799"]
[PlyCount "53"]
[EventDate "2025.04.28"]
[EventType "swiss"]
[EventRounds "7"]
[EventCountry "GER"]
[WhiteTeam "Sabt Frankfurter TV 1860"]
[BlackTeam "Vorw.Orient Mainz"]

1. e4 e6 2. d4 d5 3. e5 c5 4. c3 Nc6 5. Nf3 Bd7 6. Bd3 cxd4 7. cxd4 Qb6 8. O-O Nxd4 9. Nxd4 Qxd4 10. Nc3 Qb6 11. Qe2 Ne7 12. Kh1 Ng6 13. f4 Bb4 14. f5 Ne7 15. f6 Ng6 16. fxg7 Rg8 17. Bh6 Bxc3 18. bxc3 Qc7 19. Rxf7 O-O-O 20. Bxg6 hxg6 21. Raf1 Qb6 22. Qf2 Bb5 23. Qxb6 axb6 24. R1f6 d4 25. cxd4 Rxd4 26. h3 Rdd8 27. Rf8 1-0

[Event "ch-Frankfurt A"]
[Site "Frankfurt Main"]
[Date "2025.05.26"]
[Round "5.20"]
[White "Steigleder, Maximilian"]
[Black "Hofmann, Werner"]
[Result "1-0"]
[WhiteElo "1901"]
[BlackElo "1780"]
[PlyCount "59"]
[EventDate "2025.04.28"]
[EventType "swiss"]
[EventRounds "7"]
[EventCountry "GER"]
[WhiteTeam "Sfr.1932 Kelkheim"]
[BlackTeam "SV 1920 Kelsterbach"]

1. e4 d6 2. d4 Nf6 3. Nc3 Nbd7 4. Nf3 e5 5. dxe5 dxe5 6. Bc4 Be7 7. b3 c6 8. a4 Qc7 9. g4 Bb4 10. Bd2 Nb6 11. Bd3 Bxg4 12. Rg1 Bh5 13. Rxg7 Bg6 14. Ng5 Nh5 15. Nxf7 Nxg7 16. Nxh8 Bh5 17. Be2 Bxe2 18. Qxe2 O-O-O 19. a5 Na8 20. Qc4 Bxc3 21. Bxc3 Rxh8 22. Qc5 Re8 23. Qxa7 Qb8 24. Qxb8+ Kxb8 25. f4 Ne6 26. Bxe5+ Kc8 27. Kf2 Nac7 28. Rg1 Nc5 29. Kf3 Re7 30. Bd6 1-0

[Event "ch-Frankfurt A"]
[Site "Frankfurt Main"]
[Date "2025.05.26"]
[Round "5.21"]
[White "Dobaj, Daniel"]
[Black "Nickel, Jonas"]
[Result "0-1"]
[WhiteElo "1637"]
[BlackElo "1927"]
[PlyCount "60"]
[EventDate "2025.04.28"]
[EventType "swiss"]
[EventRounds "7"]
[EventCountry "GER"]
[BlackTeam "Schachdrachen Büdingen-Wächtersb"]

1. e4 c5 2. Nc3 Nc6 3. Bb5 g6 4. Bxc6 bxc6 5. d3 Bg7 6. f4 d6 7. Nf3 Rb8 8. O-O Qa5 9. Qe1 Nh6 10. h3 O-O 11. f5 f6 12. Qg3 Kf7 13. fxg6+ hxg6 14. Nh4 Rh8 15. Qxg6+ Kf8 16. Rf3 Ng4 17. Nf5 Bxf5 18. Qxf5 Ne5 19. Rf1 Bh6 20. Bxh6+ Rxh6 21. Rab1 Kf7 22. a3 Rg8 23. Ne2 Qd2 24. Nf4 Rh4 25. Qe6+ Kf8 26. Rf2 Qe3 27. Qf5 Nf3+ 28. Kf1 Rxf4 29. Rxf3 Rxf5 30. Rxf5 Qg3 0-1

[Event "ch-Frankfurt A"]
[Site "Frankfurt Main"]
[Date "2025.05.26"]
[Round "5.24"]
[White "Trierweiler, Joachim"]
[Black "Zeyen, Helmut"]
[Result "1-0"]
[WhiteElo "1836"]
[BlackElo "1845"]
[PlyCount "45"]
[EventDate "2025.04.28"]
[EventType "swiss"]
[EventRounds "7"]
[EventCountry "GER"]
[WhiteTeam "Vorw.Orient Mainz"]
[BlackTeam "Wiesbadener SV 1885"]

1. Nf3 Nc6 2. c4 e5 3. d3 f5 4. Nc3 Bb4 5. Bd2 Nf6 6. a3 Bxc3 7. Bxc3 d6 8. b4 O-O 9. g3 Qe8 10. Bg2 Kh8 11. O-O Qh5 12. e3 h6 13. Nh4 Qf7 14. f4 Ng4 15. Qd2 Kh7 16. e4 Qh5 17. h3 Nf6 18. exf5 Nd4 19. Bxd4 exd4 20. Rae1 Bd7 21. Re7 Rfe8 22. Rfe1 c6 23. Bf3 1-0

[Event "ch-Frankfurt A"]
[Site "Frankfurt Main"]
[Date "2025.05.26"]
[Round "5.25"]
[White "Kraft, Joshua"]
[Black "Ghaznavi, Massoud"]
[Result "1-0"]
[WhiteElo "1771"]
[BlackElo "1616"]
[PlyCount "115"]
[EventDate "2025.04.28"]
[EventType "swiss"]
[EventRounds "7"]
[EventCountry "GER"]
[WhiteTeam "SC 1979 Hattersheim"]
[BlackTeam "SV Oberursel"]

1. d4 d5 2. c4 Nf6 3. cxd5 Qxd5 4. Nc3 Qd8 5. e4 Bd7 6. Be2 h6 7. e5 Nh7 8. Nf3 e6 9. O-O Nc6 10. a3 a6 11. b4 b5 12. d5 exd5 13. Qxd5 Ne7 14. Qd2 Be6 15. Nd4 c6 16. Nxe6 fxe6 17. Qe3 g6 18. Rd1 Nd5 19. Qh3 Qe7 20. Nxd5 cxd5 21. Be3 Bg7 22. Bc5 Qf7 23. f4 Nf8 24. g3 h5 25. a4 Nd7 26. axb5 Nxc5 27. bxc5 O-O 28. b6 Rfe8 29. c6 Qe7 30. Rdc1 Qb4 31. Rab1 Qd4+ 32. Kh1 Rab8 33. b7 Re7 34. Bxa6 Qe4+ 35. Qg2 Qxg2+ 36. Kxg2 Rc7 37. Bb5 Kf7 38. Ra1 g5 39. Ra8 Rbxb7 40. cxb7 Rxb7 41. Be8+ Ke7 42. Bxh5 gxf4 43. gxf4 Bh6 44. Rac8 Kd7 45. Kg3 Rb3+ 46. R1c3 Rb7 47. Rh8 Bxf4+ 48. Kxf4 Rb4+ 49. Kf3 d4 50. Rd3 Kc6 51. Ke4 Rb2 52. Rxd4 Rf2 53. Bf3 Kc5 54. Rc8+ Kb5 55. h4 Rh2 56. Ke3 Rh3 57. Rd1 Rxh4 58. Rb1+ 1-0

[Event "ch-Frankfurt A"]
[Site "Frankfurt Main"]
[Date "2025.05.26"]
[Round "5.26"]
[White "Müller, Jens"]
[Black "Plattner, Rolf"]
[Result "0-1"]
[WhiteElo "1692"]
[BlackElo "1830"]
[PlyCount "98"]
[EventDate "2025.04.28"]
[EventType "swiss"]
[EventRounds "7"]
[EventCountry "GER"]
[WhiteTeam "SV 1920 Hofheim"]
[BlackTeam "SC Schachmatt Weiterstadt"]

1. e4 c5 2. Nf3 a6 3. c3 Nf6 4. Bd3 d6 5. h3 Nc6 6. Bc2 Qc7 7. d4 e5 8. dxe5 dxe5 9. O-O Be7 10. Qe2 O-O 11. c4 b5 12. Nc3 Nd4 13. Nxd4 cxd4 14. Nd5 Nxd5 15. cxd5 Bd7 16. Bd3 f5 17. exf5 Bxf5 18. Bd2 Bxd3 19. Qxd3 Qd6 20. Qe4 Rad8 21. Rae1 Bf6 22. f4 exf4 23. Qe6+ Kh8 24. Qxd6 Rxd6 25. Bb4 Rdd8 26. Bxf8 Rxf8 27. Rxf4 Kg8 28. Rfe4 Kf7 29. Re6 Rd8 30. Rxa6 Rxd5 31. b3 d3 32. Rd1 Bd4+ 33. Kh1 Bf6 34. g4 h6 35. Kg2 d2 36. Kf3 Bc3 37. Ra7+ Kg8 38. Re7 b4 39. Re3 Ra5 40. Rxd2 Bxd2 41. Re2 Rxa2 42. Ke4 Rb2 43. Kd3 Bc3 44. Rxb2 Bxb2 45. Ke4 Kf7 46. h4 Kf6 47. Kf3 Ke5 48. Ke3 Bc1+ 49. Kd3 Kf4 0-1

[Event "ch-Frankfurt A"]
[Site "Frankfurt Main"]
[Date "2025.05.26"]
[Round "5.27"]
[White "Friedel, Thomas"]
[Black "Erbach, Jürgen"]
[Result "0-1"]
[WhiteElo "1709"]
[BlackElo "1669"]
[PlyCount "60"]
[EventDate "2025.04.28"]
[EventType "swiss"]
[EventRounds "7"]
[EventCountry "GER"]
[WhiteTeam "SV 1946 Groß-Gerau"]
[BlackTeam "Sfr.1932 Kelkheim"]

1. Nf3 Nc6 2. d4 d5 3. c4 dxc4 4. Nc3 Bg4 5. e3 e6 6. Bxc4 Nf6 7. Qb3 Bb4 8. Bb5 Bxc3+ 9. Qxc3 Bxf3 10. gxf3 Qd5 11. Bxc6+ bxc6 12. Ke2 O-O 13. b3 Nd7 14. Bb2 f6 15. Rac1 Nb8 16. Rhg1 a5 17. Rg3 Rf7 18. Rcg1 a4 19. e4 Qb5+ 20. Kd2 axb3 21. axb3 Ra6 22. d5 e5 23. f4 cxd5 24. exd5 Rd6 25. Rxg7+ Rxg7 26. Rxg7+ Kxg7 27. fxe5 Rxd5+ 28. Ke3 Rxe5+ 29. Kf4 Rf5+ 30. Ke4 Qd5+ 0-1

[Event "ch-Frankfurt A"]
[Site "Frankfurt Main"]
[Date "2025.05.26"]
[Round "5.30"]
[White "Fernengel, Rudolf"]
[Black "Cichon, Jörg"]
[Result "1-0"]
[WhiteElo "1882"]
[BlackElo "1771"]
[PlyCount "95"]
[EventDate "2025.04.28"]
[EventType "swiss"]
[EventRounds "7"]
[EventCountry "GER"]
[WhiteTeam "SC 1910 Höchst"]
[BlackTeam "Sfr.Mainz 1928"]

1. d4 Nf6 2. Nf3 d5 3. Nbd2 c6 4. c4 e6 5. e3 Be7 6. Be2 O-O 7. O-O Nbd7 8. a3 a5 9. c5 b6 10. cxb6 Qxb6 11. Qb3 Qxb3 12. Nxb3 c5 13. Nxc5 Bxc5 14. dxc5 Nxc5 15. Rb1 a4 16. Bd2 Ba6 17. Bxa6 Rxa6 18. Bb4 Nfd7 19. Rbc1 Rc8 20. Rc3 e5 21. Rfc1 Rac6 22. Nxe5 Nxe5 23. Rxc5 Rxc5 24. Rxc5 Rxc5 25. Bxc5 f5 26. Kf1 Kf7 27. Ke2 Ke6 28. f3 g6 29. Bd4 Nc4 30. Kd3 Kd6 31. Kc3 f4 32. exf4 Na5 33. Bg7 Nc6 34. Kd3 Ke6 35. g4 h5 36. h3 Kf7 37. Bc3 Ke6 38. f5+ gxf5 39. gxh5 Kf7 40. h6 Kg6 41. Bd2 Ne5+ 42. Ke2 Nf7 43. Bf4 Nxh6 44. Kd3 Nf7 45. Kd4 Ng5 46. Bxg5 Kxg5 47. Kxd5 Kf4 48. Ke6 1-0

[Event "ch-Frankfurt A"]
[Site "Frankfurt Main"]
[Date "2025.05.26"]
[Round "5.35"]
[White "Roth, Daniel"]
[Black "Felgendreher, Luke"]
[Result "1-0"]
[WhiteElo "1804"]
[BlackElo "1681"]
[PlyCount "35"]
[EventDate "2025.04.28"]
[EventType "swiss"]
[EventRounds "7"]
[EventCountry "GER"]
[WhiteTeam "SC Matt im Park Ffm"]
[BlackTeam "Freibauer Mörlenbach-Birkenau"]

1. e4 c5 2. c3 Nc6 3. d4 e6 4. d5 Ne5 5. dxe6 fxe6 6. Bf4 Ng6 7. Bg3 e5 8. c4 Nf6 9. Nc3 d6 10. Qd2 Bd7 11. O-O-O Qa5 12. Bd3 O-O-O 13. Nge2 a6 14. Kb1 b5 15. cxb5 axb5 16. Nxb5 Bxb5 17. Qxa5 Bxd3+ 18. Rxd3 1-0

[Event "ch-Frankfurt A"]
[Site "Frankfurt Main"]
[Date "2025.05.26"]
[Round "5.37"]
[White "Winter, Thomas"]
[Black "Basedow, Marc"]
[Result "0-1"]
[WhiteElo "1627"]
[BlackElo "1757"]
[PlyCount "66"]
[EventDate "2025.04.28"]
[EventType "swiss"]
[EventRounds "7"]
[EventCountry "GER"]
[WhiteTeam "SV Oberursel"]
[BlackTeam "SC Bad Soden"]

1. e4 d6 2. d4 g6 3. Nc3 Nf6 4. f4 Bg7 5. Nf3 O-O 6. Be3 Nbd7 7. Qd2 e5 8. fxe5 dxe5 9. d5 Ng4 10. Bg5 f6 11. Bh4 Bh6 12. Qe2 a5 13. h3 Ne3 14. Bf2 Nxf1 15. Rxf1 b6 16. Be3 Ba6 17. Qd2 Bxe3 18. Qxe3 Bxf1 19. Kxf1 f5 20. Ke2 f4 21. Qd2 Qe7 22. Nb5 Nc5 23. d6 Qd7 24. Nxc7 Rad8 25. Qd5+ Qf7 26. Qxe5 Nxe4 27. Rd1 Qc4+ 28. Ke1 Qxc2 29. Qd5+ Rf7 30. Nd2 Rxd6 31. Qxe4 Qxe4+ 32. Nxe4 Rxd1+ 33. Kxd1 Rxc7 0-1

[Event "ch-Frankfurt A"]
[Site "Frankfurt Main"]
[Date "2025.05.26"]
[Round "5.41"]
[White "Stricker, Konstantin"]
[Black "Lopez Fuertes, Victor"]
[Result "1-0"]
[WhiteElo "1799"]
[BlackElo "1741"]
[PlyCount "97"]
[EventDate "2025.04.28"]
[EventType "swiss"]
[EventRounds "7"]
[EventCountry "GER"]
[WhiteTeam "SC Eschbach im Usinger Land"]
[BlackTeam "SC 1910 Höchst"]

1. e4 b6 2. d4 Bb7 3. Bd3 e6 4. Nc3 Bb4 5. Nge2 Nf6 6. O-O a6 7. a3 Be7 8. Bg5 Nxe4 9. Bxe4 Bxe4 10. Bxe7 Bxc2 11. Bxd8 Bxd1 12. Bxc7 Bxe2 13. Nxe2 b5 14. Be5 O-O 15. Rac1 Nc6 16. Rc2 h6 17. h3 Na5 18. Bd6 Rfc8 19. Rfc1 Nc4 20. Bf4 Rd8 21. Kf1 d6 22. Nc3 e5 23. dxe5 dxe5 24. Be3 Rd3 25. Ke2 Rad8 26. Rd1 e4 27. Bc1 f5 28. b3 Na5 29. Rb2 Nc6 30. Rxd3 Rxd3 31. Bd2 g5 32. Ke1 Kf7 33. Ne2 f4 34. Rc2 Ne7 35. Rc3 Rd5 36. Rc7 f3 37. gxf3 exf3 38. Ng1 Ke6 39. Nxf3 Rd3 40. Rc3 Rd7 41. Re3+ Kf5 42. Re5+ Kf6 43. Bc3 Kf7 44. Rc5 Rd6 45. Rc7 Ke8 46. Rxe7+ Kxe7 47. Bb4 Kd7 48. Bxd6 Kxd6 49. Kd2 1-0

[Event "ch-Frankfurt A"]
[Site "Frankfurt Main"]
[Date "2025.05.26"]
[Round "5.42"]
[White "Manasek, Martin"]
[Black "Kluge, Joscha"]
[Result "0-1"]
[WhiteElo "1641"]
[BlackElo "1677"]
[PlyCount "44"]
[EventDate "2025.04.28"]
[EventType "swiss"]
[EventRounds "7"]
[EventCountry "GER"]
[WhiteTeam "SC Flörsheim 1921"]
[BlackTeam "SC Bergen-Enkheim 1922"]

1. d4 Nf6 2. c4 d6 3. Nc3 g6 4. e4 Bg7 5. Nf3 O-O 6. Be2 Nc6 7. O-O e5 8. d5 Ne7 9. Qc2 Nd7 10. b4 b6 11. Be3 f5 12. Bg5 f4 13. Nb5 Bf6 14. Bh6 Bg7 15. Bxg7 Kxg7 16. Ng5 Nf6 17. c5 Nexd5 18. exd5 Nxd5 19. Qc4 c6 20. Nxd6 Qxg5 21. cxb6 f3 22. Ne4 Qxg2# 0-1